000 00225nam a22000857a 4500
008 170209b xxu||||| |||| 00| 0 eng d
100 _92842
_aKapoor. S
245 _aSimply Vegiterian
260 _aNew Delhi
_bPopular Publication
_c2005
999 _c6060
_d6060